<?xml version="1.0" encoding="UTF-8"?>
<collection xmlns="http://www.loc.gov/MARC21/slim">
 <record>
  <leader>01275nam a2200277 a 4500</leader>
  <controlfield tag="001">787424</controlfield>
  <controlfield tag="008">091207s1989    enk      b    001 0 eng d</controlfield>
  <datafield tag="020" ind1=" " ind2=" ">
   <subfield code="a">0333492625</subfield>
  </datafield>
  <datafield tag="020" ind1=" " ind2=" ">
   <subfield code="a">0062509330</subfield>
  </datafield>
  <datafield tag="020" ind1=" " ind2=" ">
   <subfield code="a">0062509403</subfield>
  </datafield>
  <datafield tag="040" ind1=" " ind2=" ">
   <subfield code="a">NNC</subfield>
   <subfield code="c">NNC</subfield>
   <subfield code="d">BD-DhAAL</subfield>
  </datafield>
  <datafield tag="082" ind1="0" ind2="0">
   <subfield code="a">339.3/07/23 </subfield>
   <subfield code="2">20</subfield>
  </datafield>
  <datafield tag="999" ind1=" " ind2=" ">
   <subfield code="c">6090</subfield>
   <subfield code="d">6090</subfield>
  </datafield>
  <datafield tag="999" ind1=" " ind2=" ">
   <subfield code="c">6090</subfield>
  </datafield>
  <datafield tag="100" ind1="1" ind2=" ">
   <subfield code="a">Waring, Marilyn,</subfield>
   <subfield code="d">1952-</subfield>
   <subfield code="9">4722</subfield>
  </datafield>
  <datafield tag="245" ind1="1" ind2="0">
   <subfield code="a">If women counted :</subfield>
   <subfield code="b">a new feminist economics /</subfield>
   <subfield code="c">Marilyn Waring ; introduction by Gloria Steinem.</subfield>
  </datafield>
  <datafield tag="260" ind1=" " ind2=" ">
   <subfield code="a">London :</subfield>
   <subfield code="b">Macmillan London,</subfield>
   <subfield code="c">1989.</subfield>
  </datafield>
  <datafield tag="300" ind1=" " ind2=" ">
   <subfield code="a">xx, 386 p. ;</subfield>
   <subfield code="c">23 cm.</subfield>
  </datafield>
  <datafield tag="504" ind1=" " ind2=" ">
   <subfield code="a">Includes bibliographical references.</subfield>
  </datafield>
  <datafield tag="541" ind1="1" ind2=" ">
   <subfield code="e">00004355</subfield>
  </datafield>
  <datafield tag="650" ind1=" " ind2="0">
   <subfield code="a">Sex discrimination in national income accounting.</subfield>
   <subfield code="9">4723</subfield>
  </datafield>
  <datafield tag="650" ind1=" " ind2="0">
   <subfield code="a">Women</subfield>
   <subfield code="x">Economic conditions.</subfield>
   <subfield code="9">4354</subfield>
  </datafield>
  <datafield tag="852" ind1="4" ind2=" ">
   <subfield code="a">Ayesha Abed Library </subfield>
   <subfield code="j">General Shelf.</subfield>
  </datafield>
  <datafield tag="942" ind1=" " ind2=" ">
   <subfield code="2">ddc</subfield>
   <subfield code="c">BK</subfield>
  </datafield>
  <datafield tag="952" ind1=" " ind2=" ">
   <subfield code="0">0</subfield>
   <subfield code="1">0</subfield>
   <subfield code="2">ddc</subfield>
   <subfield code="4">0</subfield>
   <subfield code="6">339_307230000000000_WAR_1989</subfield>
   <subfield code="7">0</subfield>
   <subfield code="9">6077</subfield>
   <subfield code="a">BRACUL</subfield>
   <subfield code="b">BRACUL</subfield>
   <subfield code="c">GEN</subfield>
   <subfield code="d">2009-12-15</subfield>
   <subfield code="g">0.00</subfield>
   <subfield code="l">1</subfield>
   <subfield code="m">16</subfield>
   <subfield code="o">339.30723 WAR</subfield>
   <subfield code="p">3010004355</subfield>
   <subfield code="r">2016-09-18</subfield>
   <subfield code="s">2016-05-25</subfield>
   <subfield code="t">1</subfield>
   <subfield code="w">2009-12-15</subfield>
   <subfield code="y">BK</subfield>
   <subfield code="x">No price found in the accession register.</subfield>
  </datafield>
  <datafield tag="952" ind1=" " ind2=" ">
   <subfield code="0">0</subfield>
   <subfield code="1">0</subfield>
   <subfield code="2">ddc</subfield>
   <subfield code="4">0</subfield>
   <subfield code="6">339_307230000000000_WAR</subfield>
   <subfield code="7">0</subfield>
   <subfield code="9">24385</subfield>
   <subfield code="a">BRACUL</subfield>
   <subfield code="b">BRACUL</subfield>
   <subfield code="c">GEN</subfield>
   <subfield code="d">2014-06-08</subfield>
   <subfield code="l">1</subfield>
   <subfield code="o">339.30723 WAR</subfield>
   <subfield code="p">3010017570</subfield>
   <subfield code="r">2026-02-26</subfield>
   <subfield code="s">2026-02-19</subfield>
   <subfield code="t">2</subfield>
   <subfield code="w">2014-06-08</subfield>
   <subfield code="y">BK</subfield>
   <subfield code="x">Transferred from ENH to Ayesha Abed library on 20/12/2023</subfield>
  </datafield>
 </record>
</collection>
